| 000 | 00536nam a22001817a 4500 | ||
|---|---|---|---|
| 005 | 20171031153039.0 | ||
| 010 | _aENG-121136 | ||
| 020 |
_c135.00 _a8123770723 |
||
| 035 | _aEN-104668 | ||
| 037 | _bDBAD/PUB | ||
| 082 | _aS | ||
| 100 | _aBhasin, Raaja | ||
| 245 |
_aFlowerwoods hotel : _cby Raaja Bhasin _band other stories / |
||
| 260 |
_aNew Delhi _bNational Book Trust _c2014 |
||
| 270 |
_aNehru Bhawan, 5 Institutional Area, Phase-II, Vasant Kunj _bNew Delhi _e110070 |
||
| 300 |
_a138p. _c21cm(pbk) |
||
| 942 |
_2ddc _cEN _hS _mBHA |
||
| 999 |
_c147054 _d147054 |
||